000
00317nam a22001337a 4500
003
SGT
082
_a
606.89
_b
P06P
100
_a
PONTEROTTO, JOSEPH, G.
245
_a
PREVENTING PREJUDICE : A GUIDE FOR COUNSETORS
260
_a
THOUSAND OAKS
_b
SAGE
_c
2006
300
_a
358
650
_a
PSYCHOLOGY
942
_2
ddc
_c
BK
999
_c
10407
_d
10407